000 00264nam a2200109Ia 4500
008 220204s9999 xx 000 0 und d
082 _a65(035)
_bMOO
245 0 _aAMA management handbook
260 _aBombay
_bTaraporevala
_c1978
700 _aMoore, R
942 _cBK
999 _c30322
_d30322